Cantón de Coto Brus: pobreza en el paraíso /

Đã lưu trong:
Chi tiết về thư mục
Tác giả chính: Trejos Núñez, Arturo
Định dạng: Texto
Những chủ đề:
Các nhãn: Thêm thẻ
Không có thẻ, Là người đầu tiên thẻ bản ghi này!

MARC

LEADER 00000 a a2200000 04500
001 1476
003
040
100 |a Trejos Núñez, Arturo  
245 |a Cantón de Coto Brus:   |b pobreza en el paraíso /  |c Arturo Trejos Núñez 
650 |a POBREZA  
650 |a POBLACION RURAL  
650 |a COSTA RICA  
773 |g número 92; páginas 3-6  
999 |c 26926  |d 26926